| 000 | 00484nam a2200205Ia 4500 | ||
|---|---|---|---|
| 005 | 20250425162707.0 | ||
| 008 | 250425s9999 xx 000 0 und d | ||
| 020 | _a8448117360 | ||
| 041 | _aeng | ||
| 082 | _a003 | ||
| 100 | _aJACOBSON, REED | ||
| 245 | 0 | _aMICROSOFT EXCEL VI VISUAL BASIC PARA APLICACIONES | |
| 250 | _aS.E | ||
| 260 |
_aEstados Unidos _bMCGRAW - HILL _c1995 |
||
| 260 | _aNEW YORK | ||
| 300 | _a384 | ||
| 650 | _aEXCEL | ||
| 942 | _c01 | ||
| 010 | _a97202 | ||
| 999 |
_c234513 _d234513 |
||